Statistiken für Flächenmässig grösste Gemeinden im Kanton Appenzell-Ausserrhoden

Klicken Sie hier um das Quiz zu spielen!

Allgemein

  • Dieses Quiz wurde 6 mal gespielt
  • Das Durchschnittsergebnis liegt bei 5 aus 8

Antwortstatistiken

Fläche km²Gemeinde% Korrekt
25.20Herisau
100%
10.03Trogen
100%
21.21Gais
80%
15.25Teufen (AR)
60%
48.16Urnäsch
60%
24.08Hundwil
40%
9.36Stein (AR)
40%
17.42Schwellbrunn
20%

Verteilung der Resultate

Perzentil nach korrekt beantworteten Fragen

Anzahl Personen mit jedem Resultat

Ihre Resultats-Entwicklung

Sie haben dieses Quiz noch nicht gespielt